000 004420000a22001810004500
003 MACL
005 20160123150417.0
008 160123b xxu||||| |||| 00| 0 eng d
040 _aMACL
_cMACL
041 _aEnglish
082 _a530/GUP
100 _aGupta, Sanjeev
_934351
245 _aObjective Physics
260 _bJaiprakash Nath Publication
_c1998
_aMeerut
350 _a230
650 _aPhysics
_934352
942 _cBK
_k530Gup
_2ddc
999 _c32064
_d32064